[Event "Lliga Catalana DH"]
[Site "?"]
[Date "2018.01.20"]
[Round "1.8"]
[White "Leiro Giralt, Daniel"]
[Black "Cervello Tost, Roger"]
[Result "1-0"]
[WhiteElo "2285"]
[BlackElo "2103"]
[PlyCount "137"]
[EventDate "2018.??.??"]
[WhiteTeam "TPE"]
[BlackTeam "PIP"]

1. e4 e5 2. Nf3 Nc6 3. Bc4 Nf6 4. Ng5 d5 5. exd5 Na5 6. Bb5+ c6 7. dxc6 bxc6 8.
Qf3 Be7 9. Bd3 O-O 10. Bf5 Bxf5 11. Qxf5 h6 12. Ne4 Qd4 13. Nxf6+ Bxf6 14. Nc3
Nc4 15. O-O Rab8 16. Ne4 Be7 17. c3 Qd5 18. b3 Nd6 19. Nxd6 Qxd6 20. d4 Bf6 21.
Be3 Rfe8 22. Rad1 Rbd8 23. Qg4 exd4 24. Bxd4 Bxd4 25. Rxd4 Qe5 26. g3 c5 27.
Rd7 Rxd7 28. Qxd7 Re7 29. Qd3 g6 30. Rd1 Kg7 31. c4 Qb2 32. Qd6 Qe2 33. Qd2 Qf3
34. Re1 Rxe1+ 35. Qxe1 Qf6 36. Qd2 Qf3 37. Qa5 Qd1+ 38. Kg2 Qd4 39. h3 Qe4+ 40.
Kh2 Qf5 41. Qd2 h5 42. Qc3+ Kh7 43. Qe3 Kg7 44. h4 Kh7 45. Kg2 Kg7 46. a3 a5
47. Qc3+ Kh7 48. Qxa5 Qe4+ 49. Kh2 Qd4 50. Qe1 Qb2 51. b4 Qxa3 52. bxc5 Qxc5
53. Qe2 Kg7 54. Kg1 f6 55. Qe4 Kf7 56. Kg2 Kg7 57. Qd5 Qc7 58. c5 Kf8 59. Qa8+
Ke7 60. Qe4+ Kf7 61. c6 f5 62. Qc4+ Ke7 63. Qc5+ Ke6 64. Kf3 Kf6 65. Qd4+ Ke6
66. Qc4+ Ke7 67. Qb4+ Ke6 68. Qb7 Qe5 69. c7 1-0

[Event "Lliga Catalana DH"]
[Site "?"]
[Date "2018.01.20"]
[Round "1.9"]
[White "Corrigüelas Armillas, Frederic"]
[Black "Moll, Arne"]
[Result "0-1"]
[WhiteElo "2146"]
[BlackElo "2221"]
[PlyCount "132"]
[EventDate "2018.??.??"]
[WhiteTeam "PIP"]
[BlackTeam "TPE"]

1. e4 c5 2. Nf3 e6 3. Nc3 Nc6 4. d4 cxd4 5. Nxd4 Nf6 6. Ndb5 Bb4 7. a3 Bxc3+ 8.
Nxc3 d5 9. exd5 exd5 10. Bd3 O-O 11. O-O Bg4 12. f3 Bh5 13. Qe1 Re8 14. Qh4 Bg6
15. Bxg6 hxg6 16. Bg5 Qb6+ 17. Kh1 Qxb2 18. Bxf6 gxf6 19. Nxd5 Kg7 20. c3 g5
21. Qg3 Rad8 22. Rad1 Qb3 23. c4 Qxc4 24. Nc7 Re3 25. Rfe1 Rxd1 26. Rxd1 Qe2
27. Rg1 Re5 28. Qg4 Qf2 29. h3 Re1 30. Rxe1 Qxe1+ 31. Kh2 Qe7 32. Qc8 Qe5+ 33.
Kh1 Qe1+ 34. Kh2 Qe5+ 35. Kh1 Qa1+ 36. Kh2 Qxa3 37. Ne8+ Kg6 38. Qxb7 Qc3 39.
f4 gxf4 40. Nd6 Qg3+ 41. Kh1 Qe1+ 42. Kh2 Qg3+ 43. Kh1 Qe1+ 44. Kh2 Ne5 45. Qb8
Qg3+ 46. Kh1 Qe1+ 47. Kh2 Kh7 48. Qf8 Qg3+ 49. Kh1 f3 50. gxf3 Qxh3+ 51. Kg1
Qg3+ 52. Kf1 Qxf3+ 53. Ke1 Qh1+ 54. Kd2 Qh6+ 55. Qxh6+ Kxh6 56. Ke3 Kg5 57. Ke4
a5 58. Nb5 Kg4 59. Nc3 Nd7 60. Kd5 f5 61. Kc6 f4 62. Kxd7 f3 63. Kc6 f2 64. Nd1
Kf3 65. Nxf2 Kxf2 66. Kb5 f5 0-1

[Event "Lliga Catalana DH"]
[Site "?"]
[Date "2018.01.20"]
[Round "1.10"]
[White "Prat Llabres, Joan"]
[Black "Jausas Lopez, Andrea"]
[Result "1-0"]
[WhiteElo "2259"]
[BlackElo "2097"]
[PlyCount "83"]
[EventDate "2018.??.??"]
[WhiteTeam "TPE"]
[BlackTeam "PIP"]

1. e4 c5 2. c3 g6 3. d4 cxd4 4. cxd4 d5 5. e5 Bg7 6. Nc3 Nh6 7. h3 O-O 8. Nf3
Nc6 9. Bb5 Qb6 10. Bxc6 Qxc6 11. O-O Re8 12. Qb3 e6 13. Bd2 b6 14. Rfc1 Ba6 15.
Ne4 Bc4 16. Nf6+ Kh8 17. Nxe8 Qxe8 18. Qc2 Nf5 19. Bg5 Qb5 20. Bf6 Kg8 21. Bxg7
Kxg7 22. Qd2 Be2 23. Rc3 Bxf3 24. Rxf3 Rc8 25. b3 Rc7 26. a4 Qc6 27. Qf4 Qc2
28. g4 Qb2 29. Rd1 Qc2 30. Rfd3 Ne7 31. Kg2 a5 32. h4 Qe2 33. Qf3 Qe4 34. Re3
Qc2 35. Red3 Kg8 36. Qf6 Qe2 37. Rf3 Nc6 38. Rc1 Qe4 39. Rxc6 Qxg4+ 40. Kh2 g5
41. Rxc7 Qxh4+ 42. Rh3 1-0

[Event "Lliga Catalana DH"]
[Site "?"]
[Date "2018.01.27"]
[Round "2.1"]
[White "Aroshidze, Levan "]
[Black "Jerez Perez, Alfonso "]
[Result "1/2-1/2"]
[WhiteElo "2557"]
[BlackElo "2456"]
[PlyCount "122"]
[EventDate "2018.??.??"]
[WhiteTeam "EEB"]
[BlackTeam "FOM"]

1. e4 e6 2. d4 d5 3. Nc3 Nf6 4. e5 Nfd7 5. f4 c5 6. Nf3 a6 7. Be3 Qb6 8. Rb1
Nc6 9. Qd2 Qa7 10. Nd1 cxd4 11. Nxd4 Nxd4 12. Bxd4 Bc5 13. c3 O-O 14. Be2 f6
15. exf6 Nxf6 16. Nf2 Bd7 17. O-O Bxd4 18. Qxd4 Qxd4 19. cxd4 Rfc8 20. Rfc1 Bb5
21. Bf3 Kf7 22. g4 Ne8 23. b3 a5 24. Kg2 Nd6 25. a4 Ba6 26. f5 exf5 27. Bxd5+
Kf6 28. Kf3 Re8 29. gxf5 Nxf5 30. Ne4+ Kg6 31. Rc7 Nxd4+ 32. Ke3 Nf5+ 33. Kf4
Rf8 34. Rg1+ Kh6 35. Ng5 Nd6+ 36. Ke5 Rad8 37. Be6 Be2 38. Rxg7 Bd3 39. Nf7+
Nxf7+ 40. Rxf7 Rxf7 41. Bxf7 b5 42. axb5 Bxb5 43. Ra1 Ra8 44. Bd5 Ra7 45. Kd4
Be8 46. b4 a4 47. Kc5 Rc7+ 48. Kb6 Rc2 49. b5 Rxh2 50. Bc6 Bxc6 51. bxc6 Rb2+
52. Ka7 Rc2 53. Kb7 Rb2+ 54. Kc8 Rc2 55. c7 Kg5 56. Rxa4 h5 57. Kd7 h4 58. c8=Q
Rxc8 59. Kxc8 h3 60. Ra3 Kg4 61. Rxh3 Kxh3 1/2-1/2

[Event "Lliga Catalana DH"]
[Site "?"]
[Date "2018.01.27"]
[Round "2.2"]
[White "Mestre Bellido, Hector "]
[Black "Narciso Dublan, Marc"]
[Result "0-1"]
[WhiteElo "2535"]
[BlackElo "2353"]
[PlyCount "79"]
[EventDate "2018.??.??"]
[WhiteTeam "FOM"]
[BlackTeam "EEB"]

1. e4 c6 2. d4 d5 3. exd5 cxd5 4. Bd3 Nc6 5. c3 Qc7 6. Bg5 Nf6 7. Nd2 Bg4 8.
Ngf3 e6 9. O-O Bd6 10. Qa4 Bxf3 11. Nxf3 Ne4 12. Bh4 f5 13. Rae1 O-O 14. Bg3
Bxg3 15. hxg3 a6 16. Qd1 Rad8 17. Re3 Rf6 18. Ne5 Nxe5 19. dxe5 Qxe5 20. Rfe1
Qc7 21. Bc2 Qb6 22. Bb3 f4 23. gxf4 Rxf4 24. f3 Ng3 25. Bc2 e5 26. Qd2 e4 27.
Qd4 Qxd4 28. cxd4 Nf5 29. Rc3 exf3 30. Rxf3 Rxf3 31. gxf3 Nxd4 32. Bd1 Kf7 33.
Kf2 Kf6 34. Rh1 h6 35. f4 Rc8 36. Ke3 Nf5+ 37. Kd3 Rc4 38. Rf1 b5 39. Bb3 Rd4+
40. Ke2 0-1

[Event "Lliga Catalana DH"]
[Site "?"]
[Date "2018.01.27"]
[Round "2.3"]
[White "Matnadze, Ana "]
[Black "Arias Boo, Guillermo "]
[Result "1-0"]
[WhiteElo "2482"]
[BlackElo "2359"]
[PlyCount "65"]
[EventDate "2018.??.??"]
[WhiteTeam "EEB"]
[BlackTeam "FOM"]

1. d4 Nf6 2. Nf3 g6 3. g3 Bg7 4. Bg2 O-O 5. O-O d6 6. c4 Nc6 7. Nc3 a6 8. Bf4
Bg4 9. d5 Na5 10. Qd3 c5 11. b3 Nd7 12. Rac1 Bxf3 13. exf3 Rb8 14. Rfe1 Re8 15.
h4 Ne5 16. Qe2 b5 17. cxb5 axb5 18. Nxb5 c4 19. bxc4 Nexc4 20. a4 Rc8 21. Bh3
Rc5 22. Nxd6 Nxd6 23. Rxc5 Nb3 24. Bxd6 Qxd6 25. Qb5 Rb8 26. Qxb8+ Qxb8 27.
Rc8+ Qxc8 28. Bxc8 Kf8 29. Rb1 Nd4 30. a5 Ne2+ 31. Kg2 Nc3 32. a6 Bd4 33. Rb4
1-0

[Event "Lliga Catalana DH"]
[Site "?"]
[Date "2018.01.27"]
[Round "2.4"]
[White "Garrido Fernandez, Daniel "]
[Black "Grafl, Florian "]
[Result "1/2-1/2"]
[WhiteElo "2304"]
[BlackElo "2421"]
[PlyCount "69"]
[EventDate "2018.??.??"]
[WhiteTeam "FOM"]
[BlackTeam "EEB"]

1. e4 d5 2. exd5 Qxd5 3. Nc3 Qa5 4. d4 Nf6 5. Nf3 c6 6. Bc4 Bf5 7. Bd2 e6 8.
Nd5 Qd8 9. Nxf6+ gxf6 10. c3 Nd7 11. Qe2 Nb6 12. Bb3 Qc7 13. Nh4 Bg6 14. f4
O-O-O 15. O-O-O Bd6 16. Nxg6 hxg6 17. g3 Kb8 18. c4 c5 19. dxc5 Bxc5 20. Bc3
Be7 21. Kb1 Qc6 22. h4 Rxd1+ 23. Rxd1 Rc8 24. Rd4 f5 25. a3 Bf6 26. Rd3 Bxc3
27. Rxc3 Qc5 28. Ka2 a5 29. Qd1 Ka7 30. Kb1 Rc7 31. Ka2 Nc8 32. Rd3 Nb6 33. Rd4
Rc8 34. Kb1 Kb8 35. Ka2 1/2-1/2

[Event "Lliga Catalana DH"]
[Site "?"]
[Date "2018.01.27"]
[Round "2.5"]
[White "Hernando Rodrigo, Julio Antonio"]
[Black "Llaneza Vega, Patricia "]
[Result "1/2-1/2"]
[WhiteElo "2397"]
[BlackElo "2298"]
[PlyCount "52"]
[EventDate "2018.??.??"]
[WhiteTeam "EEB"]
[BlackTeam "FOM"]

1. d4 Nf6 2. c4 g6 3. Nc3 Bg7 4. e4 d6 5. Nf3 O-O 6. Be2 e5 7. d5 a5 8. Bg5 h6
9. Be3 Ng4 10. Bd2 f5 11. h3 Nf6 12. exf5 gxf5 13. Qc1 f4 14. g3 e4 15. Nh4 e3
16. fxe3 fxg3 17. Ng6 Re8 18. Rg1 Na6 19. Rxg3 Nc5 20. Rg1 Bf5 21. Nf4 Nfe4 22.
Nxe4 Nxe4 23. Bc3 Qh4+ 24. Kd1 Nf2+ 25. Kd2 Ne4+ 26. Kd1 Nf2+ 1/2-1/2

[Event "Lliga Catalana DH"]
[Site "?"]
[Date "2018.01.27"]
[Round "2.6"]
[White "Chalmeta Ugas, Jordi "]
[Black "Feher, Adam "]
[Result "0-1"]
[WhiteElo "2293"]
[BlackElo "2361"]
[PlyCount "56"]
[EventDate "2018.??.??"]
[WhiteTeam "FOM"]
[BlackTeam "EEB"]

1. d4 d5 2. c4 e6 3. Nc3 c6 4. Nf3 Nf6 5. Bg5 h6 6. Bxf6 Qxf6 7. e3 Nd7 8. Bd3
dxc4 9. Bxc4 g6 10. O-O Bg7 11. Re1 O-O 12. e4 e5 13. d5 Nb6 14. Bb3 Rd8 15.
Re3 Bd7 16. Qe2 Rac8 17. a4 a5 18. Nd1 Be8 19. Qe1 cxd5 20. exd5 Nxd5 21. Rxe5
Nb4 22. Rxa5 Nd3 23. Qe3 Nxb2 24. Rb1 Rd3 25. Qe5 Rxb3 26. Rxb2 Rxb2 27. Nxb2
Qxe5 28. Rxe5 Bxe5 0-1

[Event "Lliga Catalana DH"]
[Site "?"]
[Date "2018.01.27"]
[Round "2.7"]
[White "Chueca Forcen, Alberto "]
[Black "De la Riva Aguado, Jordi "]
[Result "1/2-1/2"]
[WhiteElo "2361"]
[BlackElo "2309"]
[PlyCount "162"]
[EventDate "2018.??.??"]
[WhiteTeam "EEB"]
[BlackTeam "FOM"]

1. e4 g6 2. d4 Bg7 3. Nf3 d6 4. Bc4 e6 5. O-O a6 6. Qe2 b5 7. Bd3 Ne7 8. c3 Bb7
9. a4 Nd7 10. Nbd2 c6 11. Rd1 O-O 12. Nb3 Nc8 13. h4 Nf6 14. e5 Nd5 15. exd6
Nxd6 16. Nc5 Bc8 17. h5 Ra7 18. hxg6 hxg6 19. Ne5 Rc7 20. Qg4 Nf5 21. Bc2 Qe7
22. Re1 Bf6 23. Ne4 Kg7 24. Nxf6 Nxf6 25. Qf3 Nd5 26. axb5 axb5 27. Nxc6 Qh4
28. Bxf5 gxf5 29. Ne5 f6 30. Nd3 Kf7 31. Nf4 Rh8 32. Nh3 Bb7 33. Ra7 Rg8 34.
Kf1 Ba8 35. Ra6 Nb6 36. Rxa8 Rxa8 37. Qe2 Re8 38. Qxb5 Nd5 39. c4 Ne7 40. Bf4
Rcc8 41. Qd7 Kg6 42. Rxe6 Rcd8 43. Qb5 Ra8 44. Ra6 Qh5 45. f3 Qh4 46. Bg5 Qxd4
47. Rxf6+ Kg7 48. Ra6 Rxa6 49. Qxa6 Nc6 50. Nf2 Re6 51. g3 Qxb2 52. Qc8 Re2 53.
Qc7+ Ne7 54. Qc5 Re5 55. Qd6 Qe2+ 56. Kg2 Re6 57. Qd4+ Kf7 58. Qh4 Qe5 59. Bxe7
Rxe7 60. Qh5+ Ke6 61. Qh6+ Kd7 62. Qa6 Qd4 63. Qb7+ Ke6 64. Qc8+ Kf6 65. Qh8+
Rg7 66. Qf8+ Ke6 67. Qe8+ Kf6 68. Qf8+ Ke6 69. g4 fxg4 70. Nxg4 Rxg4+ 71. fxg4
Qxg4+ 72. Kf2 Qd4+ 73. Kf3 Qd3+ 74. Kg2 Qe2+ 75. Kg1 Qg4+ 76. Kf2 Qd4+ 77. Ke1
Qe3+ 78. Kf1 Qd3+ 79. Kg2 Qe2+ 80. Kg1 Qg4+ 81. Kf1 Ke5 1/2-1/2

[Event "Lliga Catalana DH"]
[Site "?"]
[Date "2018.01.27"]
[Round "2.8"]
[White "Yepes, Eduard "]
[Black "Avila Jimenez, Xavier "]
[Result "1/2-1/2"]
[WhiteElo "2287"]
[BlackElo "2318"]
[PlyCount "21"]
[EventDate "2018.??.??"]
[WhiteTeam "FOM"]
[BlackTeam "EEB"]

1. e4 c6 2. Nc3 d5 3. Nf3 Bg4 4. h3 Bxf3 5. Qxf3 e6 6. d4 dxe4 7. Qxe4 Nf6 8.
Qd3 Nbd7 9. g3 Bb4 10. Bg2 e5 11. Qd1 1/2-1/2

[Event "Lliga Catalana DH"]
[Site "?"]
[Date "2018.01.27"]
[Round "2.9"]
[White "Orteu Capdevila, Max "]
[Black "Masip Tresserra, Oriol "]
[Result "1/2-1/2"]
[WhiteElo "2213"]
[BlackElo "2275"]
[PlyCount "56"]
[EventDate "2018.??.??"]
[WhiteTeam "EEB"]
[BlackTeam "FOM"]

1. e4 c5 2. Nf3 Nc6 3. d4 cxd4 4. Nxd4 Qb6 5. Nb3 Nf6 6. Nc3 e6 7. Be3 Qc7 8.
a3 a6 9. f4 d5 10. exd5 exd5 11. Nxd5 Nxd5 12. Qxd5 Be6 13. Qe4 O-O-O 14. Bc4
Bxc4 15. Qxc4 Re8 16. Kf2 Bd6 17. Rad1 Re6 18. Rhe1 Rhe8 19. Bd2 b5 20. Qd5
Bxf4 21. Rxe6 Rxe6 22. g3 Bd6 23. Be3 Kb8 24. c3 Ne5 25. Bc5 Ng4+ 26. Kg1 Bxg3
27. hxg3 Qxg3+ 28. Qg2 Re8 1/2-1/2

[Event "Lliga Catalana DH"]
[Site "?"]
[Date "2018.01.27"]
[Round "2.10"]
[White "Riu Lopez, Daniel"]
[Black "Cortes Ruiz, Javier"]
[Result "1/2-1/2"]
[WhiteElo "2191"]
[BlackElo "2042"]
[PlyCount "92"]
[EventDate "2018.??.??"]
[WhiteTeam "FOM"]
[BlackTeam "EEB"]

1. e4 c5 2. Nc3 Nc6 3. f4 g6 4. Nf3 Bg7 5. Bc4 e6 6. d3 Nge7 7. O-O O-O 8. Qe1
Nd4 9. Nxd4 cxd4 10. Ne2 d5 11. Bb3 dxe4 12. dxe4 d3 13. Nc3 dxc2 14. Bxc2 b5
15. e5 Bb7 16. Qf2 b4 17. Ne4 Bxe4 18. Bxe4 Nd5 19. Rd1 Qa5 20. Bxd5 exd5 21.
Kh1 b3 22. Bd2 Qb5 23. a4 Qb7 24. Ba5 Rfc8 25. Qd4 Rc2 26. Rab1 Rc4 27. Qxd5
Qxd5 28. Rxd5 Rxf4 29. Ra1 Re4 30. Rd3 Rxe5 31. Bc3 Re2 32. Bxg7 Kxg7 33. Rxb3
Rc8 34. Rb7 Rf2 35. b4 Rcc2 36. Rg1 a6 37. h3 Rb2 38. Rb6 Rf6 39. Rxf6 Kxf6 40.
Rf1+ Ke5 41. Rxf7 Rxb4 42. Rxh7 Rxa4 43. Ra7 Ra1+ 44. Kh2 a5 45. Kg3 Kf5 46.
Kh2 Ke5 1/2-1/2

[Event "Lliga Catalana DH"]
[Site "?"]
[Date "2018.01.27"]
[Round "2.1"]
[White "Herraiz Hidalgo, Herminio"]
[Black "Asis Gargatagli, Hipolito"]
[Result "1/2-1/2"]
[WhiteElo "2483"]
[BlackElo "2561"]
[PlyCount "20"]
[EventDate "2018.??.??"]
[WhiteTeam "CAT"]
[BlackTeam "SCU"]

1. Nf3 Nf6 2. c4 e6 3. g3 d5 4. d4 Bb4+ 5. Bd2 Be7 6. Bg2 O-O 7. O-O c6 8. Qc2
Nbd7 9. Rd1 b6 10. b3 a5 1/2-1/2

[Event "Lliga Catalana DH"]
[Site "?"]
[Date "2018.01.27"]
[Round "2.2"]
[White "Alonso Bouza, Julio Javier"]
[Black "Canal Oliveras, Joan"]
[Result "1-0"]
[WhiteElo "2373"]
[BlackElo "2317"]
[PlyCount "93"]
[EventDate "2018.??.??"]
[WhiteTeam "SCU"]
[BlackTeam "CAT"]

1. e4 e5 2. Nf3 Nc6 3. Bb5 a6 4. Ba4 d6 5. Bxc6+ bxc6 6. d4 exd4 7. Qxd4 c5 8.
Qd3 Bb7 9. O-O Nf6 10. Re1 Be7 11. c4 O-O 12. Nc3 Re8 13. Bf4 Nh5 14. Bd2 Bf8
15. Re2 Qf6 16. g3 h6 17. Rae1 g6 18. Nd5 Bxd5 19. exd5 Rxe2 20. Rxe2 Qxb2 21.
Bxh6 Qa1+ 22. Re1 Qxa2 23. Bxf8 Rxf8 24. Re7 Nf6 25. Ng5 Ng4 26. Qf3 Ne5 27.
Qf6 Qb1+ 28. Kg2 Qf5 29. Qxf5 gxf5 30. Rxc7 Ra8 31. f4 Nxc4 32. Nxf7 Ne3+ 33.
Kf3 Nxd5 34. Rb7 c4 35. Nh6+ Kf8 36. Rf7+ Ke8 37. Rh7 Rc8 38. Nxf5 Rc6 39. Nd4
c3 40. Rh8+ Kd7 41. Nxc6 c2 42. Nb8+ Kc7 43. Nxa6+ Kb7 44. Rb8+ Kxa6 45. Rc8
Nb4 46. Ke2 d5 47. Kd2 1-0

[Event "Lliga Catalana DH"]
[Site "?"]
[Date "2018.01.27"]
[Round "2.3"]
[White "Amigo Vilalta, Jordi"]
[Black "Lillo Castany, Victor"]
[Result "1-0"]
[WhiteElo "2322"]
[BlackElo "2401"]
[PlyCount "75"]
[EventDate "2018.??.??"]
[WhiteTeam "CAT"]
[BlackTeam "SCU"]

1. d4 Nf6 2. c4 c5 3. d5 e6 4. Nc3 exd5 5. cxd5 d6 6. e4 g6 7. h3 Bg7 8. Nf3
O-O 9. Bd3 Nh5 10. O-O Nd7 11. Bg5 Bf6 12. Be3 Re8 13. Nd2 Bd4 14. Bxd4 cxd4
15. Ne2 Ne5 16. Bb5 d3 17. Bxe8 dxe2 18. Bxf7+ Nxf7 19. Qxe2 Qg5 20. f4 Nxf4
21. Qf3 Bxh3 22. Rf2 Bxg2 23. Qxf4 Bxe4+ 24. Qxg5 Nxg5 25. Nxe4 Nxe4 26. Re2
Nf6 27. Rd1 Re8 28. Rxe8+ Nxe8 29. Rc1 h5 30. Rc8 Kf8 31. Rb8 b6 32. Rb7 Nf6
33. Rxa7 g5 34. Rb7 Nxd5 35. Rd7 Nb4 36. Rxd6 Nxa2 37. Rxb6 Ke7 38. Kf2 1-0

[Event "Lliga Catalana DH"]
[Site "?"]
[Date "2018.01.27"]
[Round "2.4"]
[White "Lerch Gallemi, Jose Mª"]
[Black "Dalo, Hermes"]
[Result "0-1"]
[WhiteElo "2322"]
[BlackElo "2304"]
[PlyCount "76"]
[EventDate "2018.??.??"]
[WhiteTeam "SCU"]
[BlackTeam "CAT"]

1. e4 c5 2. Nc3 d6 3. f4 g6 4. Nf3 Bg7 5. Bb5+ Bd7 6. a4 Nc6 7. Bxc6 Bxc6 8. d3
Qd7 9. Bd2 Nh6 10. O-O O-O 11. Qe1 f5 12. Qh4 e6 13. Ng5 Bd4+ 14. Kh1 Ng4 15.
Rae1 Rae8 16. Nd1 h6 17. Nf3 Bg7 18. b3 b6 19. h3 Nf6 20. e5 Nh5 21. exd6 Bxf3
22. Rxf3 Qxd6 23. Ne3 Bf6 24. Qf2 g5 25. Nc4 Qc7 26. Ne5 Bxe5 27. fxe5 f4 28.
Bc1 Ng3+ 29. Kh2 Nf5 30. Qg1 Nh4 31. Rf2 Rf5 32. Bb2 h5 33. Re4 Ref8 34. Qe1
Qh7 35. d4 g4 36. hxg4 Nf3+ 37. gxf3 hxg4+ 38. Kg1 Rh5 0-1

[Event "Lliga Catalana DH"]
[Site "?"]
[Date "2018.01.27"]
[Round "2.5"]
[White "Ballesteros Collazos, Sergio"]
[Black "Mateos Rozas, Miguel A"]
[Result "1/2-1/2"]
[WhiteElo "2319"]
[BlackElo "2295"]
[PlyCount "43"]
[EventDate "2018.??.??"]
[WhiteTeam "CAT"]
[BlackTeam "SCU"]

1. c4 e5 2. Nc3 Nc6 3. Nf3 Nf6 4. e3 d6 5. d4 Bg4 6. Be2 Be7 7. O-O O-O 8. d5
Nb8 9. Nd2 Bxe2 10. Qxe2 a5 11. b3 Na6 12. h3 Nd7 13. e4 Bf6 14. Bb2 Qe7 15.
Rfc1 Bg5 16. Rab1 Nac5 17. Ba1 a4 18. Nxa4 Nxa4 19. bxa4 Nc5 20. Rc2 Bxd2 21.
Rxd2 Rxa4 22. Bc3 1/2-1/2

[Event "Lliga Catalana DH"]
[Site "?"]
[Date "2018.01.27"]
[Round "2.6"]
[White "Romero Calderon, Joan"]
[Black "Martin Grillo, Ruben"]
[Result "0-1"]
[WhiteElo "2301"]
[BlackElo "2306"]
[PlyCount "114"]
[EventDate "2018.??.??"]
[WhiteTeam "SCU"]
[BlackTeam "CAT"]

1. d4 d5 2. Nf3 c6 3. g3 Nf6 4. Bg2 Bf5 5. O-O e6 6. Nbd2 h6 7. c4 Be7 8. cxd5
exd5 9. Qb3 Qc7 10. Ne5 Nbd7 11. e4 Nxe4 12. Bxe4 Bxe4 13. Nxe4 Nxe5 14. Bf4
dxe4 15. Bxe5 Qb6 16. Qxb6 axb6 17. Bxg7 Rh7 18. Be5 O-O-O 19. Rad1 h5 20. f3
f6 21. Bf4 exf3 22. Rxf3 h4 23. Kg2 Rd5 24. Re3 Kd7 25. g4 f5 26. h3 Bf6 27.
Be5 Bxe5 28. Rxe5 Rxe5 29. dxe5+ Ke6 30. Re1 fxg4 31. hxg4 h3+ 32. Kh2 b5 33.
b4 Rh4 34. Kg3 Rh6 35. Kh2 b6 36. g5 Rg6 37. Rg1 Kf5 38. Kxh3 Rxg5 39. Rc1 Rg6
40. Re1 Re6 41. Kg3 Rxe5 42. Rc1 c5 43. Kf3 Ke6 44. Rd1 Rd5 45. Rh1 Rd4 46.
Rh6+ Kd5 47. Rxb6 Rxb4 48. Ke3 Kc4 49. Rb8 Ra4 50. Kd2 Rxa2+ 51. Kc1 b4 52. Rh8
b3 53. Kb1 Rg2 54. Rh7 Kc3 55. Rh3+ Kb4 56. Rh8 c4 57. Rh4 Ka3 0-1

[Event "Lliga Catalana DH"]
[Site "?"]
[Date "2018.01.27"]
[Round "2.7"]
[White "Vera Pons, Felipe"]
[Black "Brusi Noguera, Ricard Ll"]
[Result "1/2-1/2"]
[WhiteElo "2298"]
[BlackElo "2310"]
[PlyCount "21"]
[EventDate "2018.??.??"]
[WhiteTeam "CAT"]
[BlackTeam "SCU"]

1. e4 Nf6 2. e5 Nd5 3. c4 Nb6 4. d4 d6 5. f4 g6 6. Nc3 Bg7 7. Be3 O-O 8. c5
N6d7 9. h4 Re8 10. h5 Nf8 11. hxg6 1/2-1/2

[Event "Lliga Catalana DH"]
[Site "?"]
[Date "2018.01.27"]
[Round "2.8"]
[White "Sierra Montoya, Miquel"]
[Black "Saez Coma, Alejandro"]
[Result "0-1"]
[WhiteElo "2276"]
[BlackElo "2218"]
[PlyCount "84"]
[EventDate "2018.??.??"]
[WhiteTeam "SCU"]
[BlackTeam "CAT"]

1. e4 c5 2. Nf3 g6 3. c3 Bg7 4. d4 cxd4 5. cxd4 Nf6 6. e5 Nd5 7. Bc4 Nb6 8. Bb3
O-O 9. a4 a5 10. O-O d5 11. h3 Nc6 12. Nc3 Nb4 13. Qe2 Bf5 14. Ne1 Nc6 15. Nb5
f6 16. g4 Bd7 17. e6 Be8 18. Bf4 Nb4 19. Rc1 Bxb5 20. Qxb5 Nc6 21. Nf3 f5 22.
g5 Rc8 23. Rfd1 Nc4 24. Bxc4 dxc4 25. Rxc4 Na7 26. Rxc8 Qxc8 27. Qb6 Qc2 28.
Re1 Nc6 29. d5 Nb4 30. Qc7 Qxa4 31. Qc4 b5 32. Qe2 Nxd5 33. Be5 Nf4 34. Bxf4
Qxf4 35. Rd1 Qe4 36. Rd2 Qxe2 37. Rxe2 a4 38. Ne1 Rd8 39. Kf1 b4 40. Rc2 b3 41.
Rc4 Bxb2 42. Rxa4 Bc3 0-1

[Event "Lliga Catalana DH"]
[Site "?"]
[Date "2018.01.27"]
[Round "2.9"]
[White "Vigo Allepuz, David"]
[Black "Sorroche Martin, Josep M"]
[Result "1/2-1/2"]
[WhiteElo "2223"]
[BlackElo "2243"]
[PlyCount "36"]
[EventDate "2018.??.??"]
[WhiteTeam "CAT"]
[BlackTeam "SCU"]

1. d4 f5 2. Bg5 h6 3. Bh4 g5 4. Bg3 Nf6 5. e3 d6 6. h4 Rg8 7. hxg5 hxg5 8. Nc3
c6 9. Bc4 e6 10. a4 Qa5 11. f3 d5 12. Bb3 Bb4 13. Nge2 Nbd7 14. Kf2 Qd8 15. Na2
Be7 16. c4 Nf8 17. Nac1 Ng6 18. Nd3 Bd6 1/2-1/2

[Event "Lliga Catalana DH"]
[Site "?"]
[Date "2018.01.27"]
[Round "2.10"]
[White "Macaya Ruiz, Alfons"]
[Black "Morcillo Ferran, Jordi"]
[Result "1/2-1/2"]
[WhiteElo "2176"]
[BlackElo "2214"]
[PlyCount "53"]
[EventDate "2018.??.??"]
[WhiteTeam "SCU"]
[BlackTeam "CAT"]

1. d4 Nf6 2. c4 e6 3. Nc3 Bb4 4. e3 c5 5. a3 Bxc3+ 6. bxc3 d6 7. Bd3 Nc6 8. Ne2
O-O 9. O-O b6 10. e4 e5 11. f4 h6 12. fxe5 dxe5 13. d5 Na5 14. Ra2 Nb7 15. Ng3
Nd6 16. Raf2 Ng4 17. Rf3 Qh4 18. h3 Nf6 19. Rxf6 gxf6 20. Nh5 f5 21. Bxh6 f4
22. Bxf4 exf4 23. Rxf4 Qg5 24. h4 Qe5 25. Nf6+ Kg7 26. Nh5+ Kg8 27. Nf6+
1/2-1/2

[Event "Lliga Catalana DH"]
[Site "?"]
[Date "2018.01.27"]
[Round "2.1"]
[White "Fluvia Poyatos, Joan"]
[Black "Alonso Rosell, Alvar"]
[Result "0-1"]
[WhiteElo "2538"]
[BlackElo "2532"]
[PlyCount "102"]
[EventDate "2018.??.??"]
[WhiteTeam "SJO"]
[BlackTeam "GER"]

1. d4 e6 2. c4 f5 3. g3 Nf6 4. Bg2 d5 5. Nh3 Bd6 6. b3 dxc4 7. bxc4 c5 8. e3 e5
9. dxc5 Qa5+ 10. Qd2 Qxd2+ 11. Nxd2 Bxc5 12. Bb2 e4 13. Bxf6 gxf6 14. Nf4 Nc6
15. O-O O-O 16. Nb3 Ba3 17. Rfd1 Ne5 18. c5 b6 19. cxb6 axb6 20. Rab1 Bc5 21.
Rb2 Ba6 22. Nd4 Rfd8 23. Rbb1 Bc8 24. Ra1 Kf7 25. h3 Ra4 26. Nb5 Rxa2 27. Rxd8
Rxa1+ 28. Kh2 Bd7 29. Nd4 Rb1 30. Rh8 b5 31. Rxh7+ Kg8 32. Rh6 Kg7 33. Rh5 Bxd4
34. exd4 Nd3 35. Nd5 Nxf2 36. Nb6 e3 37. Bf3 Be8 38. Rxf5 Bg6 39. Rc5 Be4 40.
Bxe4 Nxe4 41. Rc2 Nd2 42. Rc7+ Kg6 43. Re7 Rb2 44. g4 Nc4+ 45. Kg3 Nxb6 46.
Rxe3 Nd5 47. Rf3 Rd2 48. h4 b4 49. h5+ Kg7 50. g5 fxg5 51. Kg4 Kh6 0-1

[Event "Lliga Catalana DH"]
[Site "?"]
[Date "2018.01.27"]
[Round "2.2"]
[White "Valle Maytin, Luis Enrique"]
[Black "Gallego Alcaraz, Andres Felipe"]
[Result "0-1"]
[WhiteElo "2363"]
[BlackElo "2452"]
[PlyCount "116"]
[EventDate "2018.??.??"]
[WhiteTeam "GER"]
[BlackTeam "SJO"]

1. d4 Nf6 2. Nf3 g6 3. g3 Bg7 4. Bg2 d5 5. O-O O-O 6. Nbd2 a5 7. Ne5 c6 8. c3
Na6 9. Nd3 Bf5 10. f3 Bxd3 11. exd3 c5 12. dxc5 d4 13. c4 Nxc5 14. Ne4 Nfxe4
15. fxe4 Qc7 16. b3 Qb6 17. Qc2 Nd7 18. Bf4 Ne5 19. Bh3 e6 20. Rab1 Qc5 21. Qd2
Rfc8 22. Bxe5 Qxe5 23. Qf4 Rc7 24. Qxe5 Bxe5 25. Rf2 Bd6 26. a4 Kg7 27. Rbf1
Rh8 28. Re2 Rc5 29. Bg2 h5 30. Ref2 Rc7 31. Rf3 Ra8 32. R3f2 Ra6 33. Bf3 Be5
34. Kg2 Rb6 35. Bd1 f6 36. h3 Kh6 37. Re2 Rh7 38. Kf3 g5 39. Rg2 Kg6 40. h4 g4+
41. Kf2 Rf7 42. Rgg1 f5 43. exf5+ exf5 44. Kg2 Re6 45. Re1 Rfe7 46. Re2 Bf6 47.
Rge1 Rxe2+ 48. Rxe2 Rxe2+ 49. Bxe2 f4 50. Kf2 Kf5 51. Bd1 Be7 52. Be2 b6 53.
Bd1 Bd6 54. gxf4 Kxf4 55. Be2 Be7 56. Bf1 Bxh4+ 57. Ke2 Be7 58. Bg2 h4 0-1